| 000 | 00377 a2200169 4500 | ||
|---|---|---|---|
| 001 | 169626 | ||
| 020 | _a978-85-08-10660-8 | ||
| 040 | _cMagnum | ||
| 100 | _aNovaes, Carlos Eduardo | ||
| 240 | 1 | 0 |
_aO imperador da ursa maior _lpor |
| 245 | 1 | 0 | _aO imperador da ursa maior |
| 300 | _a226 | ||
| 362 | 0 | _a2011 | |
| 440 | 1 | _aÁtica | |
| 697 | _aLITERATURA GERAL | ||
| 942 | _cBK | ||
| 999 |
_c169626 _d169626 |
||